La arquitectura colonial cubana / (رقم التسجيلة. 138099)

تفاصيل مارك
000 -LEADER
fixed length control field 00983cam a2200301 i 4500
008 - FIXED-LENGTH DATA ELEMENTS--GENERAL INFORMATION
fixed length control field 760618m19731979cu a b 000 0 spa
010 ## - LIBRARY OF CONGRESS CONTROL NUMBER
LC control number 76463470
040 ## - CATALOGING SOURCE
Original cataloging agency DLC
Transcribing agency DLC
Modifying agency DLC
043 ## - GEOGRAPHIC AREA CODE
Geographic area code nwcu---
050 00 - LIBRARY OF CONGRESS CALL NUMBER
Classification number NA803
Item number .W39
082 00 - DEWEY DECIMAL CLASSIFICATION NUMBER
Classification number 720.97291
092 04 - LOCALLY ASSIGNED DEWEY CALL NUMBER (OCLC)
Classification number 720.97291
Item number W431
Edition number 21
099 ## - LOCAL FREE-TEXT CALL NUMBER (OCLC)
Classification number 04
-- 720.97291 W431
100 1# - MAIN ENTRY--PERSONAL NAME
Personal name Weiss, Joaquin E.
245 13 - TITLE STATEMENT
Title La arquitectura colonial cubana /
Statement of responsibility, etc. Joaquin E. Weiss.
260 ## - PUBLICATION, DISTRIBUTION, ETC.
Place of publication, distribution, etc. [La Habana :
Name of publisher, distributor, etc. Instituto Cubano del Libro] ,
Date of publication, distribution, etc. 1973-1979.
300 ## - PHYSICAL DESCRIPTION
Extent 2 v. :
Other physical details ill. ;
Dimensions 29 cm.
500 ## - GENERAL NOTE
General note Vol. 2: 1a ed.; has imprint: Editorial Letras Cubanas.
504 ## - BIBLIOGRAPHY, ETC. NOTE
Bibliography, etc. note Bibliography: v. 1, p. 159-163.
505 0# - FORMATTED CONTENTS NOTE
Formatted contents note [1] Siglos XVI/XVII.--[2] Siglo XVIII.
650 #0 - SUBJECT ADDED ENTRY--TOPICAL TERM
Topical term or geographic name entry element Architecture, Colonial
Geographic subdivision Cuba.
650 #0 - SUBJECT ADDED ENTRY--TOPICAL TERM
Topical term or geographic name entry element Architecture
Geographic subdivision Cuba.
902 ## - LOCAL DATA ELEMENT B, LDB (RLIN)
No. of Items 1
905 ## - LOCAL DATA ELEMENT E, LDE (RLIN)
Cataloger Jamal
Reviser Cat.
905 ## - LOCAL DATA ELEMENT E, LDE (RLIN)
Cataloger Jihan
Reviser Rev.
942 ## - ADDED ENTRY ELEMENTS (KOHA)
Source of classification or shelving scheme Dewey Decimal Classification
Koha item type Books
المقتنيات
Source of classification or shelving scheme Not for loan Home library Current library Date acquired Full call number Barcode Date last seen Copy number Koha item type
Dewey Decimal Classification   المكتبة المركزبة الجديدة - جامعة القاهرة قاعة الثقاقات الاجنبية - الدور الثالث 11.02.2024 720.97291 W431 Spa. 01000116005229000 05.07.2024 C.1 Books
Cairo University Libraries Portal Implemented & Customized by: Eng. M. Mohamady Contacts: new-lib@cl.cu.edu.eg | cnul@cl.cu.edu.eg
CUCL logo CNUL logo
© All rights reserved — Cairo University Libraries
CUCL logo
Implemented & Customized by: Eng. M. Mohamady Contact: new-lib@cl.cu.edu.eg © All rights reserved — New Central Library
CNUL logo
Implemented & Customized by: Eng. M. Mohamady Contact: cnul@cl.cu.edu.eg © All rights reserved — Cairo National University Library